000 00450nam a2200181Ia 4500
001 4951
005 20260306145832.0
008 260306t2006||||xx |||||||||||||| ||spa||
041 _aESP
082 _a332.042
_bP26 2006
100 _aParodi Trece, Carlos
_eAUT
245 0 _aGlobalización y crisis financieras internacionales
260 _c2006
300 _a506 pƔginas :
_ccm.
650 _aGEN
654 _aCAN
942 _cLIB
_dJUS
_fJUS
_2ddc
_n
999 _c4951
_d4951